00705 2200205 4500001002100000005001500021035002000036007000300056008003900059082001600098084002200114100003700136245015300173260004100326300004100367650001100408650005000419600001700469022001300486INLIS00000000000119820250211091337 a0010-0225000036ta250211 | | |  a632.3-635.2 a632.3-635.2 ROD i0 aRoderic Gilles Claret Diabankana1 aIdentification and Aggressiveness of Fusarium Species Associated with Onion Bulb (Allium cepa L.) during Storage /cRoderic Gilles Claret Diabankana aSwitzerland, Basel :bMDPI AG,c2024 a1-26 hlm, :bIlus ;c21 cm x 29,7 cm 4aJurnal 4aIdentifikasi dan Agresivitas Spesies Fusarium 4aBawang Merah a2309608X